Destination B2 Grammar & vocabulary with answer key
Đã lưu trong:
| Tác giả chính: | |
|---|---|
| Định dạng: | Sách |
| Được phát hành: |
New york
Macmillan
2006
|
| Các nhãn: |
Thêm thẻ
Không có thẻ, Là người đầu tiên thẻ bản ghi này!
|
| Thư viện lưu trữ: | Trung tâm Học liệu Lê Vũ Hùng, Trường Đại học Đồng Tháp |
|---|
| LEADER | 00558pam a22001818a 4500 | ||
|---|---|---|---|
| 001 | 00039287 | ||
| 005 | 20171026081025.0 | ||
| 008 | 170518s2006 ||||||Engsd | ||
| 041 | 0 | # | |a Eng |
| 082 | 1 | 4 | |a 428 |b D206D |
| 100 | 1 | # | |a Malcolm Mann |
| 245 | 1 | 0 | |a Destination B2 |b Grammar & vocabulary with answer key |c Malcolm Mann |
| 260 | # | # | |a New york |b Macmillan |c 2006 |
| 300 | # | # | |a 245 tr. |c 29 cm |
| 852 | # | # | |b Kho đọc |j KD.0020209 |
| 852 | # | # | |j KD.0020209 |
| 910 | |d 18/05/2017 | ||
| 980 | # | # | |a Trung tâm Học liệu Lê Vũ Hùng, Trường Đại học Đồng Tháp |